| 000 | 01849cam a22003614a 4500 | ||
|---|---|---|---|
| 999 |
_c5337 _d5337 |
||
| 001 | 13896447 | ||
| 003 | GZU | ||
| 005 | 20210331130154.0 | ||
| 008 | 050311s2005 ctua b 001 0 eng | ||
| 010 | _a 2005040895 | ||
| 015 |
_aGBA568737 _2bnb |
||
| 016 | 7 |
_a013274072 _2Uk |
|
| 016 | 7 |
_a101258921 _2DNLM |
|
| 020 | _a0300106416 (alk. paper) | ||
| 035 | _a(OCoLC)ocm58546429 | ||
| 040 |
_aDLC _cDLC _dBAKER _dUKM _dC#P _dNLM _dRMC _dVP@ _dLMR _dDLC |
||
| 042 | _apcc | ||
| 050 | 0 | 0 |
_aRJ506.H9 _bBRO 2005 |
| 100 | 1 |
_aBrown, Thomas E., _d1942- _eauthor |
|
| 245 | 1 | 0 |
_aAttention deficit disorder : _bthe unfocused mind in children and adults / _cThomas E. Brown. |
| 260 |
_aNew Haven : _bYale University Press, _cc2005. |
||
| 300 |
_axxi, 360 p. : _bill. ; _c24 cm. |
||
| 440 | 0 | _aYale University Press health & wellness | |
| 504 | _aIncludes bibliographical references (p. 323-348) and index. | ||
| 505 | 0 | _aMisconceptions about focus and willpower -- Six aspects of a complex syndrome -- ADD syndrome and the working brain -- Childhood: struggling with self-management -- Adolescence: greater independence brings new challenges -- Adulthood: managing responsibilities, finding a niche -- How ADD syndrome differs from normal inattention -- Disorders that may accompany ADD syndrome -- Medications and other treatments -- Fears, prejudices, and realistic hope. | |
| 650 | 0 | _aAttention-deficit hyperactivity disorder. | |
| 650 | 0 | _aAttention-deficit disorder in adults. | |
| 650 | 1 | 2 | _aAttention Deficit Disorder with Hyperactivity. |
| 856 | 4 | 2 |
_3Contributor biographical information _uhttp://www.loc.gov/catdir/enhancements/fy0634/2005040895-b.html |
| 856 | 4 | 2 |
_3Publisher description _uhttp://www.loc.gov/catdir/enhancements/fy0634/2005040895-d.html |
| 906 |
_a7 _bcbc _corignew _d1 _eocip _f20 _gy-gencatlg |
||
| 942 |
_2lcc _cBK _h506.H9 _iBRO _kRJ |
||